Bob Mortimer Truth or Lie (Would I lie to you) - Statistics

General Stats
  • This quiz has been taken 49 times
  • The average score is 15 of 20
Answer Stats
Question Answer % Correct
"I can break an apple in half with my bare hands." True
93%
"As a teenager, I used to terrorise my neighbourhood with a game I invented called 'Theft and Shrubbery'." True
93%
"My first taste of fame was when the locals newspaper dubbed me the 'Cockroach King'." True
93%
"For the past fifteen years, I have performed my own dentistry." True
88%
"After cutting his hair, I got a job on a campsite as a hairdresser." True
85%
"I once set fire to my house with a box of fireworks." True
83%
"When we were at school together, we hid a dictaphone in the ceiling to confuse the teacher." True
83%
"The police once ordered me to leave town because I was frightening the locals." True
83%
"I recently had to pull out of a TV show because my teeth fell out." True
83%
"I once masterminded a daring heist on a campsite tuck shop." True
80%
"I once made a decision in a caravan park at midnight that I soon came to deeply regret." True
78%
"I have brewed three award-winning beers with him." True
73%
"On a dark winter's night, I once broke into the garden of the local witch's house and was shocked by what I found there." True
73%
"Following advice from Chris Rea, I always crack an egg into my bath." Lie
71%
"I once helped Damon Hill to Grand Prix success by presenting him with a pre-race snack." True
68%
"I've put a toaster on my bedside table and the last thing I do at night is put two slices of bread in it, ready for the morning" Lie
63%
"Mario has been sending me pictures of massive rats." Lie
54%
"I have a didgeridoo suspended from a tree in my backgarden so that when the wind blows in a particular direction, it parps soothing sounds of the outback into my bedroom window". Lie
54%
"For five days i pushed my cat around in a pram because it had sprained three of its ankles." Lie
51%
"I won his appendix off him in a bet' Lie
49%
No matching quizzes found
Score Distribution
Percent of People with Each Score
Percentile by Number Answered
Your Score History
You have not taken this quiz